|
|
|
|
| LEADER |
01606nam a2200373 a 4500 |
| 001 |
36693 |
| 003 |
BD-DhAAL |
| 005 |
20191125105310.0 |
| 008 |
191125t1986 nyu b 001 0 eng |
| 999 |
|
|
|c 41902
|d 41902
|
| 010 |
|
|
|a 86012579
|
| 020 |
|
|
|a 0853457050 (pbk.) :
|c $12.00
|
| 020 |
|
|
|a 0853457042 :
|c 28.50
|
| 040 |
|
|
|a DLC
|c DLC
|d DLC
|d BD-DhAAL
|
| 043 |
|
|
|a cl-----
|a d------
|a ncnq---
|
| 050 |
0 |
0 |
|a HX517.8
|b .T73 1986
|
| 082 |
0 |
0 |
|a 335.43091724
|2 19
|
| 245 |
0 |
0 |
|a Transition and development :
|b problems of Third World socialism /
|c edited by Richard R. Fagen, Carmen Diana Deere and José Luis Coraggio.
|
| 260 |
|
|
|a New York, NY :
|b Monthly Review Press ;
|a Berkeley, Calif. :
|b Center for the Study of the Americas,
|c c1986.
|
| 300 |
|
|
|a 352 pages ;
|c 20 cm.
|
| 490 |
|
|
|a MR/CENSA series on the Americas
|
| 504 |
|
|
|a Includes bibliographical references (pages 331-344) and index.
|
| 526 |
|
|
|a ESS
|
| 541 |
|
|
|a Complimentary copy from Professor Dr. Nasreen Khundker.
|e 36693
|
| 650 |
|
0 |
|a Communism
|z Developing countries.
|9 37635
|
| 650 |
|
0 |
|a Communism
|z Latin America.
|9 37636
|
| 650 |
|
0 |
|a Communism
|z Nicaragua.
|9 37637
|
| 700 |
1 |
|
|a Fagen, Richard R.
|9 37638
|
| 700 |
1 |
|
|a Deere, Carmen Diana.
|9 37639
|
| 700 |
1 |
|
|a Coraggio, José Luis.
|9 37640
|
| 830 |
|
|
|a MR/CENSA series on the Americas
|9 37641
|
| 852 |
|
|
|a Ayesha Abed Library
|c General Stacks
|
| 942 |
|
|
|2 ddc
|c BK
|
| 952 |
|
|
|0 0
|1 0
|2 ddc
|4 0
|6 335_430917240000000_TRA
|7 0
|9 67286
|a BRACUL
|b BRACUL
|c GEN
|d 2019-11-25
|e Complimentary copy from Professor Dr. Nasreen Khundker.
|l 0
|o 335.43091724 TRA
|p 3010036693
|r 2019-11-25
|t 1
|w 2019-11-25
|y BK
|